| 000 | 00601nam a2200229Ia 4500 | ||
|---|---|---|---|
| 003 | OSt | ||
| 005 | 20250423123404.0 | ||
| 008 | 210423s2012 xx 000 0 und d | ||
| 020 | _a9780070966178 | ||
| 040 | _cAL | ||
| 041 | _aeng | ||
| 082 |
_a531 _223 _bTAKI |
||
| 100 |
_aTakwale R G _994558 |
||
| 245 | _aIntroduction to classical mechanics. | ||
| 260 |
_aNew Delhi _bTata McGraw-hill _c2012 |
||
| 300 |
_aix,425 _bPB |
||
| 365 |
_b390 _cINR |
||
| 650 |
_aClassical Mechanics _994559 |
||
| 700 |
_aPuranik P S _9208690 |
||
| 906 | _aclassical ; Introduction ; mechanics. | ||
| 942 |
_2ddc _cBK |
||
| 999 |
_c161887 _d161887 |
||